Nourriture par images - Statistiques

Statistiques générales
  • Ce quiz a été pris 9 133 fois
  • Le résultat moyen est 14 sur 16
Statistiques - réponses
Par images Réponse % Correct
Pizza
100%
Hot Dog
93%
Frites
90%
Croissant
89%
Raclette
89%
Donuts
88%
Glace
88%
Pain au chocolat
88%
Baguette
87%
Tacos
86%
Macarons
85%
Burger
83%
Sushis
83%
Nems
81%
Pancakes
80%
Cupcakes
77%
Aucun quiz correspondant
Distribution des résultats
% des personnes avec chaque résultat
Percentile par nombre de réponses
Votre historique - résultats
Vous n’avez pas pris ce quiz